|
|
|
|
| LEADER |
00000nab a2200000 a 4500 |
| 001 |
vtls000577036 |
| 003 |
SK-MaSNL |
| 005 |
20260318114514.0 |
| 008 |
180130c1995 xo 0 ukr |
| 015 |
|
|
|a SNBRB19rr/mm-uuuuu
|
| 035 |
|
|
|a CL0577174
|
| 040 |
|
|
|a SNKBUCL
|b slo
|c SNKBUCL
|e AACR2
|
| 041 |
0 |
|
|a ukr
|
| 044 |
|
|
|a xo
|c SK
|
| 080 |
|
|
|a 323.15(437.6=875=83):061.2:323.15(438=83)
|2 1981
|
| 080 |
|
|
|a 323.15(438=83)
|2 1981
|
| 245 |
0 |
0 |
|a U nedilju ...
|
| 300 |
|
|
|b Fotogr.
|
| 610 |
2 |
7 |
|a Zväz Rusínov-Ukrajincov Slovenskej republiky
|2 svkpocl
|9 18604
|
| 610 |
2 |
7 |
|a Združenie Lemkov Poľska
|2 svkpocl
|9 856041
|
| 650 |
0 |
7 |
|a Rusíni
|2 snkbucl
|9 4087
|
| 650 |
0 |
7 |
|a Ukrajinci
|2 snkbucl
|9 19025
|
| 650 |
0 |
7 |
|a Lemkovia
|2 snkbucl
|9 27189
|
| 651 |
|
7 |
|a Slovensko
|2 svkpocl
|9 14231
|
| 651 |
|
7 |
|a Poľsko
|2 svkpocl
|9 16755
|
| 655 |
|
7 |
|a články z novín a časopisov
|2 snkbucl
|9 267496
|
| 773 |
0 |
|
|t Nove žyttja
|g Roč. 45, č. 32-33 (1995), s. 3
|
| 850 |
|
|
|a Slovenská národná knižnica v Martine
|a POA001
|
| 852 |
|
|
|a SNK
|b KIS3GCP
|
| 958 |
|
|
|a RN
|
| 958 |
|
|
|a PL
|
| 958 |
|
|
|a UK
|
| 958 |
|
|
|a SK
|
| 992 |
|
|
|a RBX
|
| 999 |
|
|
|c 3352492
|d 3354422
|